[Event "Athens Iraklion op 25th"]
[Site "Athens"]
[Date "2023.06.23"]
[Round "7"]
[White "Stamatiou, Rodolfos"]
[Black "Papasimakopoulos, Alexandros"]
[Result "0-1"]
[WhiteElo "2144"]
[BlackElo "2401"]
[PlyCount "90"]
[EventDate "2023.06.17"]
[EventType "swiss"]
[EventRounds "9"]
[EventCountry "GRE"]
[SourceTitle "CBM 214 Extra"]
[Source "ChessBase"]
[SourceDate "2023.07.31"]
[SourceVersion "1"]
[SourceVersionDate "2023.07.31"]
[SourceQuality "1"]

1. e4 e6 2. d4 d5 3. Nc3 Bb4 4. exd5 exd5 5. Bd3 Nc6 6. a3 Bxc3+ 7. bxc3 Nf6 8. Ne2 0-0 9. 0-0 Re8 10. Ng3 h6 11. Qf3 Na5 12. Nf5 Bxf5 13. Qxf5 Nc4 14. Bf4 Nd6 15. Qh3 Nfe4 16. f3 Nxc3 17. Rae1 Qc8 18. g4 Qd7 19. Qh5 Rxe1 20. Rxe1 Re8 21. Bd2 Rxe1+ 22. Bxe1 Ncb5 23. Qxd5 Qe6 24. Qxe6 fxe6 25. a4 Nxd4 26. Kf2 e5 27. Ke3 Kf7 28. f4 Ke6 29. c3 Nb3 30. f5+ Kd5 31. Bh4 Nc5 32. Bc2 Kc4 33. f6 g5 34. Bg3 Nd7 35. Bf5 Nxf5+ 36. gxf5 Kd5 37. f7 Kd6 38. Ke4 Ke7 39. Bxe5 Nxe5 40. Kxe5 Kxf7 41. c4 b6 42. f6 g4 43. Kf5 c6 44. Ke5 h5 45. Kf5 a6 0-1

[Event "Athens Iraklion op 25th"]
[Site "Athens"]
[Date "2023.06.20"]
[Round "4"]
[White "Vassis, Michail"]
[Black "Stamatiou, Rodolfos"]
[Result "0-1"]
[WhiteElo "1936"]
[BlackElo "2144"]
[PlyCount "70"]
[EventDate "2023.06.17"]
[EventType "swiss"]
[EventRounds "9"]
[EventCountry "GRE"]
[SourceTitle "CBM 214 Extra"]
[Source "ChessBase"]
[SourceDate "2023.07.31"]
[SourceVersion "1"]
[SourceVersionDate "2023.07.31"]
[SourceQuality "1"]

1. Nf3 c5 2. e3 d5 3. d4 Nc6 4. b3 cxd4 5. exd4 Bg4 6. Nbd2 e6 7. Bb2 Bd6 8. Be2 Nge7 9. h3 Bh5 10. 0-0 f6 11. Ne1 Bf7 12. Nd3 0-0 13. c4 Rc8 14. Re1 Bb8 15. c5 Nf5 16. Nf3 Qc7 17. Kf1 Rce8 18. g4 Nfe7 19. b4 Ng6 20. Qd2 e5 21. dxe5 fxe5 22. b5 Nd8 23. b6 axb6 24. Ba3 b5 25. c6 bxc6 26. Bxf8 Rxf8 27. Ng1 e4 28. Nc5 Qh2 29. Bxb5 cxb5 30. Re3 d4 31. Re2 Nf4 32. Qxd4 Qxg1+ 33. Kxg1 Nxe2+ 34. Kg2 Nxd4 35. Nd7 N8e6 0-1

[Event "Athens Iraklion op 25th"]
[Site "Athens"]
[Date "2023.06.18"]
[Round "2"]
[White "Athanasiou, Soumela"]
[Black "Stamatiou, Rodolfos"]
[Result "0-1"]
[WhiteElo "1631"]
[BlackElo "2144"]
[PlyCount "76"]
[EventDate "2023.06.17"]
[EventType "swiss"]
[EventRounds "9"]
[EventCountry "GRE"]
[SourceTitle "CBM 214 Extra"]
[Source "ChessBase"]
[SourceDate "2023.07.31"]
[SourceVersion "1"]
[SourceVersionDate "2023.07.31"]
[SourceQuality "1"]

1. c4 e5 2. g3 f5 3. Bg2 Nf6 4. Nc3 Nc6 5. e3 g6 6. d4 Bg7 7. d5 Nb8 8. h4 0-0 9. Nge2 d6 10. a3 c5 11. Qb3 Na6 12. Bd2 Nc7 13. Qc2 a6 14. Na4 Nd7 15. Nac3 b5 16. b3 e4 17. Rb1 Ne5 18. 0-0 bxc4 19. bxc4 Nxc4 20. Qa2 Nxd2 21. Qxd2 Bd7 22. Nf4 Rb8 23. Qc2 Qf6 24. Rxb8 Rxb8 25. Rb1 Rxb1+ 26. Nxb1 Qa1 27. Bf1 Nb5 28. a4 Nc7 29. Qb3 Qb2 30. Qxb2 Bxb2 31. a5 Kf7 32. Nd2 Ke7 33. Nc4 Be5 34. Nb6 Bc3 35. Nxd7 Kxd7 36. Ne6 Nxd5 37. Nf8+ Ke7 38. Nxh7 Nc7 0-1

[Event "GRE-ch U20"]
[Site "Trikala"]
[Date "2023.04.19"]
[Round "2"]
[White "Mavridis, Athanasios"]
[Black "Stamatiou, Rodolfos"]
[Result "0-1"]
[WhiteElo "1756"]
[BlackElo "2116"]
[PlyCount "62"]
[EventDate "2023.04.18"]
[EventType "swiss"]
[EventRounds "9"]
[EventCountry "GRE"]
[SourceTitle "EXT 2024"]
[Source "ChessBase"]
[SourceDate "2023.10.10"]
[SourceVersion "1"]
[SourceVersionDate "2023.10.10"]
[SourceQuality "1"]

1. d4 Nf6 2. c4 e6 3. Nf3 d5 4. g3 Be7 5. Bg2 0-0 6. 0-0 c6 7. Bf4 dxc4 8. Ne5 Nd5 9. Nxc4 Nxf4 10. gxf4 Nd7 11. Nc3 Nb6 12. b3 Nd5 13. Qc1 Bb4 14. Nd1 Qc7 15. e3 Rd8 16. a3 Bf8 17. Ne5 f6 18. Nd3 b6 19. Nc3 Ba6 20. Rd1 Rac8 21. b4 Qf7 22. Qd2 Qg6 23. Ne4 Ne7 24. Rac1 Nf5 25. Ng3 c5 26. bxc5 bxc5 27. Nxc5 Nxg3 28. hxg3 Bxc5 29. Qa5 Be2 30. Re1 Bb6 31. Qd2 Bb5 0-1

[Event "GRE-ch U20"]
[Site "Trikala"]
[Date "2023.04.19"]
[Round "3"]
[White "Stamatiou, Rodolfos"]
[Black "Kyparissopoulos, Spyridon"]
[Result "1-0"]
[WhiteElo "2116"]
[BlackElo "1781"]
[PlyCount "69"]
[EventDate "2023.04.18"]
[EventType "swiss"]
[EventRounds "9"]
[EventCountry "GRE"]
[SourceTitle "EXT 2024"]
[Source "ChessBase"]
[SourceDate "2023.10.10"]
[SourceVersion "1"]
[SourceVersionDate "2023.10.10"]
[SourceQuality "1"]

1. e4 c5 2. Nf3 e6 3. d4 cxd4 4. Nxd4 Nc6 5. Nb5 d6 6. c4 h6 7. Be2 Nf6 8. N1c3 a6 9. Nd4 Nxd4 10. Qxd4 e5 11. Qd3 Be6 12. 0-0 Rc8 13. b3 Be7 14. Qg3 g5 15. Qd3 Qc7 16. Bd2 Bd8 17. Rfd1 Qd7 18. Be3 Ba5 19. Rac1 Qc6 20. Nd5 Bxd5 21. cxd5 Qd7 22. Rxc8+ Qxc8 23. Rc1 Qd7 24. Qc4 Ke7 25. b4 Bd8 26. h3 Rg8 27. Qc2 h5 28. b5 axb5 29. Qb3 Nxe4 30. Bxb5 Qf5 31. Bd3 g4 32. Qxb7+ Kf6 33. Qb4 gxh3 34. Bxe4 Qg4 35. Qxd6+ 1-0

[Event "GRE-ch U18"]
[Site "Larisa"]
[Date "2023.01.08"]
[Round "9"]
[White "Stamatiou, Rodolfos"]
[Black "Dristellas, Neoklis"]
[Result "0-1"]
[WhiteElo "2142"]
[BlackElo "1898"]
[PlyCount "98"]
[EventDate "2023.01.02"]
[EventType "swiss"]
[EventRounds "9"]
[EventCountry "GRE"]
[SourceTitle "CBM 212 Extra"]
[Source "ChessBase"]
[SourceDate "2023.03.31"]
[SourceVersion "1"]
[SourceVersionDate "2023.03.31"]
[SourceQuality "1"]

1. e4 c5 2. Nf3 d6 3. d4 cxd4 4. Nxd4 Nf6 5. Nc3 Nc6 6. Bg5 e6 7. Bb5 Bd7 8. Qd3 a6 9. Bxc6 Bxc6 10. 0-0-0 Be7 11. Bxf6 gxf6 12. f4 Rc8 13. f5 e5 14. Nxc6 bxc6 15. Qxa6 Qc7 16. Rd3 Rg8 17. Nd5 cxd5 18. Rc3 Qxc3 19. bxc3 Rxc3 20. Qa8+ Bd8 21. g3 d4 22. Rd1 Kd7 23. Rd3 Rc5 24. Rb3 Re8 25. Kd1 Bc7 26. Qa4+ Ke7 27. Rb7 Rc8 28. a3 Kf8 29. Qa6 Ra5 30. Qc4 Rc5 31. Qa2 Rd8 32. Ra7 Rb8 33. a4 Rb4 34. a5 Rbb5 35. a6 Ra5 36. Qb2 Kg7 37. Ra8 Rab5 38. Qa2 Ra5 39. Qb3 Ra1+ 40. Ke2 Rc1 41. Kd2 Rh1 42. a7 Rxh2+ 43. Kc1 Rh1+ 44. Kd2 Rh2+ 45. Kd1 Ra5 46. Qb2 Ra1+ 47. Qxa1 Rh1+ 48. Kd2 Rxa1 49. Kd3 Ra4 0-1

[Event "GRE-ch U18"]
[Site "Larisa"]
[Date "2023.01.02"]
[Round "1"]
[White "Trapalis, Theodoros"]
[Black "Stamatiou, Rodolfos"]
[Result "0-1"]
[WhiteElo "1759"]
[BlackElo "2142"]
[PlyCount "88"]
[EventDate "2023.01.02"]
[EventType "swiss"]
[EventRounds "9"]
[EventCountry "GRE"]
[SourceTitle "CBM 212 Extra"]
[Source "ChessBase"]
[SourceDate "2023.03.31"]
[SourceVersion "1"]
[SourceVersionDate "2023.03.31"]
[SourceQuality "1"]

1. d4 Nf6 2. c4 e6 3. Nf3 d5 4. e3 a6 5. Nbd2 c5 6. a3 Nc6 7. Be2 cxd4 8. exd4 dxc4 9. Nxc4 Ne7 10. 0-0 Ned5 11. Re1 Be7 12. Bf1 h6 13. g3 0-0 14. Bg2 b5 15. Nce5 Bb7 16. Qd3 Qb6 17. Bd2 Rac8 18. h4 Rfe8 19. Nxf7 Kxf7 20. Ne5+ Kg8 21. Qg6 Bf8 22. Qf7+ Kh8 23. Qg6 Re7 24. Nf7+ Rxf7 25. Qxf7 Re8 26. Ba5 Qxa5 27. Qxb7 Qb6 28. Bxd5 Nxd5 29. Qf7 Nf6 30. d5 e5 31. b4 Bd6 32. Rac1 Rf8 33. Qg6 Nxd5 34. Rc2 Ne7 35. Qe4 Nf5 36. Rc6 Qa7 37. Kg2 Bb8 38. Rf1 Nd6 39. Qd5 Nc4 40. Qc5 Qf7 41. Rxa6 Qf3+ 42. Kg1 e4 43. Re1 e3 44. Rxe3 Qxf2+ 0-1

[Event "GRE-chT 49th"]
[Site "Thessaloniki"]
[Date "2022.08.14"]
[Round "4.2"]
[White "Poupalos, Nikolaos"]
[Black "Stamatiou, Rodolfos"]
[Result "0-1"]
[WhiteElo "2020"]
[BlackElo "2230"]
[PlyCount "86"]
[EventDate "2022.08.12"]
[EventType "team-swiss"]
[EventRounds "7"]
[EventCountry "GRE"]
[SourceTitle "CBM 209 Extra"]
[Source "ChessBase"]
[SourceDate "2022.09.30"]
[SourceVersion "1"]
[SourceVersionDate "2022.09.30"]
[SourceQuality "1"]
[WhiteTeam "Piraikos"]
[BlackTeam "Eaao Fysiolatris Nikias"]
[WhiteTeamCountry "GRE"]
[BlackTeamCountry "GRE"]

1. e4 c5 2. Nf3 d6 3. d4 cxd4 4. Nxd4 Nf6 5. Nc3 a6 6. a4 e5 7. Nf3 Qc7 8. Bg5 Nbd7 9. Nd2 h6 10. Bh4 g5 11. Bg3 Nc5 12. h4 g4 13. Bc4 Be6 14. 0-0 h5 15. Qe2 Bh6 16. Rfd1 Rc8 17. b3 Qa5 18. Nd5 Bxd5 19. Bxd5 Bxd2 20. Rxd2 Ncxe4 21. Bxb7 Rd8 22. Bc6+ Ke7 23. Bxe4 Nxe4 24. Rd3 f5 25. Rad1 Qc5 26. Qe1 Qxc2 27. f3 gxf3 28. Rxf3 Rhg8 29. Rc1 Qb2 30. Bf2 Ke6 31. Rd1 Nxf2 32. Rxf2 Qxb3 33. Qd2 Rg6 34. Re1 Qxa4 35. Qe2 Qxh4 36. Qa2+ Ke7 37. Qxa6 Qf6 38. Rc2 Rd7 39. Qa8 Qh4 40. Qa1 Qg3 41. Rce2 h4 42. Rf1 Rg5 43. Rfe1 h3 0-1

[Event "GRE-ch U18"]
[Site "Kavala"]
[Date "2022.04.29"]
[Round "6"]
[White "Stoimenidis, Dimitrios"]
[Black "Stamatiou, Rodolfos"]
[Result "0-1"]
[WhiteElo "1949"]
[BlackElo "2210"]
[PlyCount "56"]
[EventDate "2022.04.26"]
[EventType "swiss"]
[EventRounds "9"]
[EventCountry "GRE"]
[SourceTitle "CBM 208 Extra"]
[Source "ChessBase"]
[SourceDate "2022.07.31"]
[SourceVersion "1"]
[SourceVersionDate "2022.07.31"]
[SourceQuality "1"]

1. e4 c5 2. Nf3 d6 3. d4 cxd4 4. Nxd4 Nf6 5. Nc3 a6 6. Be3 e5 7. Nb3 Be6 8. Be2 Be7 9. Nd5 Nbd7 10. Qd3 Bxd5 11. exd5 0-0 12. g4 Nc5 13. Nxc5 dxc5 14. Bf3 Ne8 15. Be4 h6 16. 0-0-0 Qa5 17. g5 hxg5 18. Rdg1 Qb6 19. Kb1 g6 20. Bxg5 Bxg5 21. Rxg5 Ng7 22. Rhg1 c4 23. Qxc4 Qxf2 24. c3 Rad8 25. h4 Qxh4 26. d6 Rxd6 27. Rxg6 Rxg6 28. Rxg6 b5 0-1

[Event "GRE-chT U16"]
[Site "Thessaloniki"]
[Date "2021.12.17"]
[Round "2.1"]
[White "Koutlas, Nikolaos"]
[Black "Stamatiou, Rodolfos"]
[Result "0-1"]
[WhiteElo "2266"]
[BlackElo "2169"]
[PlyCount "74"]
[EventDate "2021.12.16"]
[EventType "team-swiss"]
[EventRounds "6"]
[EventCountry "GRE"]
[SourceTitle "CBM 205 Extra"]
[Source "ChessBase"]
[SourceDate "2022.01.31"]
[SourceVersion "1"]
[SourceVersionDate "2022.01.31"]
[SourceQuality "1"]
[WhiteTeam "Kavalas"]
[BlackTeam "Nikaia Fysiolatris"]
[WhiteTeamCountry "GRE"]
[BlackTeamCountry "GRE"]

1. e4 c5 2. Nf3 d6 3. Bb5+ Bd7 4. Bxd7+ Qxd7 5. c4 Nf6 6. Nc3 g6 7. 0-0 Bg7 8. Rb1 0-0 9. b4 cxb4 10. Rxb4 Nc6 11. Rb5 Rac8 12. h3 e6 13. Qa4 a6 14. Rb1 Rfd8 15. Rd1 Ne5 16. Nxe5 dxe5 17. Qb3 Qd3 18. Ba3 Nxe4 19. Nxe4 Qxe4 20. d3 Qc6 21. Qxb7 Qxb7 22. Rxb7 e4 23. Rb3 Be5 24. c5 Bd4 25. Kf1 Bxc5 26. Ke1 Bd4 27. Be7 Rd7 28. Bh4 Rc2 29. Ra3 a5 30. Rb1 exd3 31. Kd1 Kg7 32. Rxd3 Rxa2 33. Bg3 Rd5 34. Rb7 a4 35. Kc1 Rc5+ 36. Kd1 Bf6 37. Rb8 Be5 0-1

[Event "GRE-chT 48th"]
[Site "Athens"]
[Date "2021.09.12"]
[Round "7.2"]
[White "Stamatiou, Rodolfos"]
[Black "Papaoulakis, Isidoros"]
[Result "1-0"]
[WhiteElo "2237"]
[BlackElo "1569"]
[PlyCount "65"]
[EventDate "2021.09.07"]
[EventType "team-swiss"]
[EventRounds "7"]
[EventCountry "GRE"]
[SourceTitle "CBM 204 Extra"]
[Source "ChessBase"]
[SourceDate "2021.11.30"]
[SourceVersion "1"]
[SourceVersionDate "2021.11.30"]
[SourceQuality "1"]
[WhiteTeam "Nikaia Fysiolatris"]
[BlackTeam "Zeenon Glyfathas"]
[WhiteTeamCountry "GRE"]
[BlackTeamCountry "GRE"]

1. e4 c5 2. Nf3 e6 3. d4 cxd4 4. Nxd4 Nc6 5. Nc3 Qc7 6. Be3 a6 7. g4 Bb4 8. Nxc6 Bxc3+ 9. bxc3 dxc6 10. g5 c5 11. Qf3 b6 12. Qg3 Qxg3 13. hxg3 Bb7 14. f3 f5 15. gxf6 Nxf6 16. Rb1 Nd7 17. Bh3 Ke7 18. Bg5+ Kf7 19. 0-0 Ne5 20. Rxb6 Bc8 21. Rbb1 h6 22. Be3 Nc4 23. Kf2 Rd8 24. Rfd1 Rxd1 25. Rxd1 Rb8 26. Bf1 Nxe3 27. Kxe3 Rb2 28. Rd8 Bb7 29. Rb8 Rxc2 30. Rxb7+ Kf6 31. c4 Rxa2 32. f4 Ra3+ 33. Bd3 1-0

[Event "Kavala op 30th"]
[Site "Kavala"]
[Date "2021.08.02"]
[Round "2"]
[White "Stamatiou, Rodolfos"]
[Black "Petrov, Martin"]
[Result "0-1"]
[WhiteElo "2152"]
[BlackElo "2521"]
[PlyCount "102"]
[EventDate "2021.08.01"]
[EventType "swiss"]
[EventRounds "9"]
[EventCountry "GRE"]
[SourceTitle "CBM 203 Extra"]
[Source "ChessBase"]
[SourceDate "2021.09.30"]
[SourceVersion "1"]
[SourceVersionDate "2021.09.30"]
[SourceQuality "1"]

1. e4 c5 2. Nf3 d6 3. d4 cxd4 4. Nxd4 Nf6 5. Nc3 a6 6. a4 Nc6 7. Nxc6 bxc6 8. Bd3 g6 9. 0-0 Bg7 10. a5 0-0 11. b3 Nxe4 12. Bxe4 d5 13. Nxd5 Bxa1 14. Nb6 Qxd1 15. Rxd1 Bg4 16. f3 Rad8 17. Rxd8 Rxd8 18. Be3 Be6 19. Na4 Bf5 20. Bxf5 gxf5 21. Kf2 Rd5 22. b4 f4 23. Bxf4 Rd4 24. Be3 Rxb4 25. Nc5 Rb5 26. Nxa6 Rxa5 27. Nb4 c5 28. Nd3 c4 29. Nc1 Bb2 30. Ne2 Be5 31. f4 Bg7 32. Bd4 Ra2 33. Bxg7 Kxg7 34. Nd4 Ra1 35. h3 Kf6 36. Ke3 Ra3+ 37. Ke2 Rg3 38. Kf2 Rc3 39. Ke2 h5 40. h4 e5 41. fxe5+ Kxe5 42. Nf3+ Kf4 43. Kd2 Rxf3 44. gxf3 Kxf3 45. Kc3 f5 46. Kxc4 Ke3 47. Kd5 f4 48. c4 f3 49. c5 f2 50. c6 f1Q 51. c7 Qf5+ 0-1

[Event "GRE-ch U18"]
[Site "Chania"]
[Date "2021.07.18"]
[Round "5"]
[White "Tzagarakis, Panagiotis"]
[Black "Stamatiou, Rodolfos"]
[Result "1/2-1/2"]
[WhiteElo "2042"]
[BlackElo "2023"]
[PlyCount "60"]
[EventDate "2021.07.15"]
[EventType "swiss"]
[EventRounds "9"]
[EventCountry "GRE"]
[SourceTitle "EXT 2022"]
[Source "ChessBase"]
[SourceDate "2021.10.06"]
[SourceVersion "1"]
[SourceVersionDate "2021.10.06"]
[SourceQuality "1"]

1. e4 c5 2. Nf3 d6 3. d4 cxd4 4. Nxd4 Nf6 5. Nc3 a6 6. Be3 e5 7. Nb3 Be6 8. h3 Nc6 9. Qf3 Be7 10. 0-0-0 Qc7 11. g4 0-0 12. g5 Nd7 13. h4 Rfc8 14. Bh3 Nb4 15. Kb1 a5 16. a3 b5 17. Bxe6 fxe6 18. g6 Bf6 19. Qg4 Nf8 20. gxh7+ Kh8 21. Bg5 Bxg5 22. Qxg5 Nxc2 23. Nxb5 Qb7 24. a4 Qxe4 25. Nxd6 Qxh7 26. Nxc8 Nb4+ 27. Ka1 Nc2+ 28. Ka2 Nb4+ 29. Ka1 Nc2+ 30. Ka2 Nb4+ 1/2-1/2